000 00597nam a22001817a 4500
005 20241115175457.0
008 241024b |||||||| |||| 00| 0 eng d
020 _a9786210450378
082 _aDFil 658.8 Ab17 2024
100 _aAbantao, Baniline Jone V.
_963427
245 _aMarketing management /
_cBanieline Jone V. Abantao.
250 _aFirst edition.
260 _aQuezon City :
_bRex Book Store,
_c©2024.
300 _aviii, 285 pages :
_billustrations ;
_c25 cm.
500 _aIncludes glossary, bibliography, and index.
650 0 _aMarketing management.
_964216
942 _2ddc
_cDFIL
999 _c22887
_d22887